| 000 | 00382nam a22001577a 4500 | ||
|---|---|---|---|
| 003 | OSt | ||
| 005 | 20231230104403.0 | ||
| 008 | 220623b xxu||||| |||| 00| 0 eng d | ||
| 020 | _a9789389802207 | ||
| 040 | _cIIMT UNIVERSITY MEERUT | ||
| 100 | _aCHOPRA, RAJIV | ||
| 245 | _aOBJECT- ORIENTED PROGRAMMING | ||
| 260 |
_aNEW DELHI _bNEW AGE _c2022 |
||
| 300 | _a712 | ||
| 942 |
_2ddc _c02 |
||
| 999 |
_c52493 _d52493 |
||